Nghiên cứu NoC cấu hình lại được trên FPGA và phát triển thuật toán ánh xạ động ứng dụng trên nền tảng NoC : Luận án tiến sĩ kỹ thuật - Chuyên ngành: Kỹ thuật điện tử

Wedi'i Gadw mewn:
Manylion Llyfryddiaeth
Prif Awdur: Nguyễn, Văn Cường
Fformat: Luận văn
Iaith:Undetermined
Cyhoeddwyd: Trường Đại học Bách khoa Hà Nội 2017
Pynciau:
Tagiau: Ychwanegu Tag
Dim Tagiau, Byddwch y cyntaf i dagio'r cofnod hwn!
Thư viện lưu trữ: Trung tâm Thư viện - Trường Đại học Công nghiệp TP. Hồ Chí Minh
LEADER 00775nam a2200157Ia 4500
001 UIH_01819
008 230809s9999 xx 000 0 und d
082 |a 621.381 
100 |a Nguyễn, Văn Cường 
245 0 |a Nghiên cứu NoC cấu hình lại được trên FPGA và phát triển thuật toán ánh xạ động ứng dụng trên nền tảng NoC : Luận án tiến sĩ kỹ thuật - Chuyên ngành: Kỹ thuật điện tử 
245 0 |c Nguyễn, Văn Cường 
260 |b Trường Đại học Bách khoa Hà Nội 
260 |c 2017 
650 |a Kỹ thuật điện tử 
927 |a Luận văn 
980 |a Trung tâm Thư viện - Trường Đại học Công nghiệp TP. Hồ Chí Minh